|
|
|
|
| LEADER |
00000cam a2200000 7i4500 |
| 001 |
0000031502 |
| 005 |
20151222.0 |
| 008 |
120306 |
| 020 |
|
|
|a 9833730752
|
| 090 |
0 |
0 |
|a MOR
|b MAL
|
| 100 |
1 |
|
|a Mohd Rosli Saludin
|
| 245 |
1 |
0 |
|a Angsa putih yang bersih
|c Mohd Rosli Saludin
|
| 260 |
|
|
|a Penang :
|b Goal Intelligent Publishing ,
|c 2008
|
| 440 |
|
|
|a Koleksi cerita moral
|
| 500 |
|
|
|a Children ages 10-12 years old (pink)
|
| 650 |
|
0 |
|a Short stories, Malay
|
| 999 |
|
|
|a 0001141438
|b Book
|c Children Collection
|e Perbadanan Perpustakaan Awam Johor
|
| 999 |
|
|
|a 0001141439
|b Book
|c Children Collection
|e Perbadanan Perpustakaan Awam Johor
|
| 999 |
|
|
|a 0001141440
|b Book
|c Children Collection
|e Perbadanan Perpustakaan Awam Johor
|
| 999 |
|
|
|a 0001180873
|b Book
|c Children Collection
|e Cawangan Tangkak
|
| 999 |
|
|
|a 0001180875
|b Book
|c Children Collection
|e Cawangan Bandar Penawar
|
| 999 |
|
|
|a 0001180876
|b Book
|c Children Collection
|e Cawangan Kota Tinggi
|
| 999 |
|
|
|a 0001180877
|b Book
|c Children Collection
|e Cawangan Tmn. Ungku Tun Aminah
|
| 999 |
|
|
|a 0001180879
|b Book
|c Children Collection
|e Cawangan Pontian
|
| 999 |
|
|
|a 0001180882
|b Book
|c Children Collection
|e Cawangan Segamat
|
| 999 |
|
|
|a 0001180884
|b Book
|c Children Collection
|e Cawangan Mersing
|
| 999 |
|
|
|a 0001180886
|b Book
|c Children Collection
|e Cawangan Taman Universiti
|
| 999 |
|
|
|a 0001219807
|b Book
|c Children Collection
|e Perbadanan Perpustakaan Awam Johor
|
| 999 |
|
|
|a 0001219808
|b Book
|c Children Collection
|e Perbadanan Perpustakaan Awam Johor
|